Supernatural Episodes Quiz Stats

 Plays Quiz Updated May 10, 2019

Score 0/287 Timer 20:00
0 Plays Today
Season & Episode Episode Title % Correct
Season 1Pilot
92.4%
Season 1Wendigo
86.9%
Season 1Bloody Mary
78.8%
Season 1Dead in the Water
77.9%
Season 1Bugs
77.8%
Season 1Home
74.8%
Season 2All Hell Breaks Loose (Part 1)
74.5%
Season 2All Hell Breaks Loose (Part 2)
74.4%
Season 4Lazarus Rising
74.1%
Season 1Skin
73.6%
Season 1Route 666
73.4%
Season 1Phantom Traveler
72.9%
Season 1Devil's Trap
72.7%
Season 2In My Time of Dying
72.5%
Season 1Hookman
72.4%
Season 4Lucifer Rising
71.8%
Season 1Scarecrow
71.5%
Season 1Faith
71.2%
Season 1Asylum
69.6%
Season 3Mystery Spot
69.4%
Season 2Everybody Loves a Clown
68.5%
Season 1Hell House
68%
Season 5Swan Song
67.9%
Season 2Heart
67.8%
Season 4Are You There God? It's Me, Dean Winchester
67%
Season 1Dead Man's Blood
66%
Season 4It's the Great Pumpkin, Sam Winchester
65.4%
Season 5Changing Channels
65.2%
Season 1The Benders
64.9%
Season 1Salvation
64.8%
Season 3Bad Day at Black Rock
64.5%
Season 3Ghostfacers
64.5%
Season 4Yellow Fever
63.9%
Season 2Children Shouldn't Play with Dead Things
63.7%
Season 2Tall Tales
63.7%
Season 3A Very Supernatural Christmas
63.5%
Season 1Provenance
63.5%
Season 3No Rest for the Wicked
63.5%
Season 5The End
62.8%
Season 3The Magnificent Seven
62.5%
Season 1Shadow
62.3%
Season 1Nightmare
61.9%
Season 3Jus in Bello
61.6%
Season 2What Is and What Should Never Be
61.6%
Season 2Croatoan
61.5%
Season 1Something Wicked
61.3%
Season 2Bloodlust
61.1%
Season 2Folsom Prison Blues
59.7%
Season 3The Kids Are Alright
59.7%
Season 2Crossroad Blues
58.8%
Season 4Monster Movie
58.1%
Season 2Playthings
58.1%
Season 4Heaven and Hell
57.9%
Season 6The French Mistake
57.1%
Season 2Born Under a Bad Sign
56.9%
Season 5Sympathy for the Devil
56.8%
Season 2Nightshifter
56.6%
Season 4The Monster at the End of This Book
56.6%
Season 2Hollywood Babylon
56.2%
Season 2Simon Said
56%
Season 2No Exit
56%
Season 2Hunted
55.7%
Season 3Red Sky at Morning
55.5%
Season 4When the Levee Breaks
54.9%
Season 3Time Is on My Side
54.8%
Season 5Sam, Interrupted
54.7%
Season 4In the Beginning
54.6%
Season 5Good God, Y'All!
54.5%
Season 6Weekend at Bobby's
54.1%
Season 4On the Head of a Pin
54%
Season 10Fan Fiction
54%
Season 4After School Special
53.6%
Season 8We Need to Talk About Kevin
53.6%
Season 4Jump the Shark
53.4%
Season 4I Know What You Did Last Summer
53.4%
Season 5The Curious Case of Dean Winchester
53.3%
Season 2The Usual Suspects
53.2%
Season 2Houses of the Holy
53.1%
Season 5The Real Ghostbusters
53.1%
Season 3Sin City
52.9%
Season 2Roadkill
52.8%
Season 3Dream a Little Dream of Me
52.6%
Season 5Hammer of the Gods
52.6%
Season 5Free to Be You and Me
52.4%
Season 3Bedtime Stories
52.3%
Season 4Criss Angel Is a Douchebag
51.8%
Season 10Black
51.8%
Season 3Fresh Blood
51.7%
Season 5My Bloody Valentine
51.4%
Season 3Long Distance Call
51.4%
Season 4It's a Terrible Life
51.3%
Season 4Death Takes a Holiday
51%
Season 4The Rapture
51%
Season 6Exile on Main St.
51%
Season 4Sex and Violence
50.9%
Season 7Meet the New Boss
50.7%
Season & Episode Episode Title % Correct
Season 7Season Seven, Time for a Wedding!
50.5%
Season 6Two and a Half Men
50.5%
Season 4Family Remains
50.1%
Season 5Dark Side of the Moon
50%
Season 4Metamorphosis
50%
Season 5Fallen Idols
49.9%
Season 599 Problems
49.8%
Season 5I Believe the Children Are Our Future
49.7%
Season 5Abandon All Hope...
49.8%
Season 5Two Minutes to Midnight
49.7%
Season 4Wishful Thinking
49.1%
Season 6The Man Who Would Be King
48.3%
Season 5Dead Men Don't Wear Plaid
48.2%
Season 6The man Who Knew Too Much
48%
Season 9Road Trip
47.8%
Season 5Swap Meat
47.7%
Season 8What's Up, Tiger Mommy?
47.6%
Season 11Baby
47.6%
Season 7The Girl with the Dungeons and Dragons Tattoo
47.6%
Season 5The Song Remains the Same
47.2%
Season 3Malleus Maleficarum
46.9%
Season 9King of the Damned
46.7%
Season 6The Third Man
46.7%
Season 5The Devil You Know
46.1%
Season 8Sacrifice
46.1%
Season 9Dog Dean Afternoon
44.9%
Season 6Live Free or Twihard
44.8%
Season 6All Dogs Go to Heaven
44.2%
Season 6My Heart Will Go On
44.1%
Season 8LARP and the Real Girl
43.8%
Season 7Slash Fiction
43.7%
Season 5Point of No Return
43.5%
Season 6Family Matters
43.4%
Season 6Clap Your Hands If You Believe...
43.3%
Season 7Death's Door
42.8%
Season 8Bitten
42.8%
Season 6Frontierland
42.4%
Season 7The Slice Girls
42%
Season 6Like a Virgin
41.8%
Season 13Scoobynatural
41.7%
Season 7Time After Time
41.6%
Season 8A Little Slice of Kevin
41.6%
Season 6Mommy Dearest
41.4%
Season 8Blood Brother
41%
Season 7Party on, Garth
40.9%
Season 7The Girl Next Door
40.8%
Season 7Shut Up, Dr. Phil
40.9%
Season 7Hello, Cruel World
40.3%
Season 9#THINMAN
39.7%
Season 7Survival of the Fittest
39.6%
Season 8Pac-Man Fever
39.3%
Season 6Caged Heat
38.9%
Season 6Appointment in Samarra
38.8%
Season 6Let It Bleed
38.7%
Season 7Plucky Pennywhistle's Magical Menagerie
38.6%
Season 8Heartache
38.2%
Season 6You Can't Handle the Truth
38.1%
Season 6Mannequin 3: The Reckoning
38.1%
Season 6...And Then There Were None
38%
Season 10Brother's Keeper
37.8%
Season 10Girls, Girls, Girls
37.8%
Season 7Reading Is Fundamental
37.6%
Season 8Everybody Hates Hitler
37.5%
Season 9Meta Fiction
37.4%
Season 11Alpha and Omega
37%
Season 7Adventures in Babysitting
36.1%
Season 9Stairway to Heaven
36%
Season 7There Will Be Blood
35.9%
Season 13The Thing
35.9%
Season 9I Think I'm Gonna Like It Here
35.8%
Season 6Unforgiven
35.8%
Season 12Mamma Mia
35.7%
Season 13Wayward Sisters
35.1%
Season 12All Along the Watchtower
35%
Season 7Repo Man
35%
Season 9Devil May Care
34.9%
Season 10Soul Survivor
34.8%
Season 8Taxi Driver
34.8%
Season 7The Born-Again Identity
34.8%
Season 8Hunteri Heroici
34.7%
Season 7The Mentalists
34.7%
Season 9Do You Believe in Miracles?
34.6%
Season 8Southern Comfort
34.3%
Season 9I'm No Angel
34.1%
Season 7How to Win Friends and Influence Monsters
33.8%
Season 12Keep Calm and Carry On
33.8%
Season 7Defending Your Life
33.7%
Season 10Reichenbach
33.7%
Season 9Bloodlines
33.4%
Season 11Out of the Darkness, Into the Fire
33.3%
Season 11Red Meat
33.2%
Season 8Clip Show
33.1%
Season 10Paper Moon
33%
Season 10Paint It Black
33%
Season 12Regarding Dean
32.8%
Season 8Man's Best Friend with Benefits
32.5%
Season & Episode Episode Title % Correct
Season 12LOTUS
32.3%
Season 10Book of the Damned
31.9%
Season 12There's Something About Mary
31.6%
Season 10Hibbing 911
31.4%
Season 11Don't Call Me Shurley
31.1%
Season 11Just My Imagination
31%
Season 8Citizen Fang
30.8%
Season 9Slumber Party
30.8%
Season 11The Devil in the Details
30.7%
Season 8Remember the Titans
30.6%
Season 8Torn and Frayed
30.3%
Season 9First Born
30.3%
Season 8Freaks and Geeks
30.2%
Season 8Trial and Error
30.2%
Season 8Goodbye Stranger
30.2%
Season 10Ask Jeeves
30.2%
Season 9Bad Boys
29.8%
Season 7Out with the Old
29.8%
Season 7Of Grave Importance
29.7%
Season 9The Purge
29.3%
Season 10About a Boy
29.2%
Season 10There's No Place Like Home
29.2%
Season 8As Time Goes By
29%
Season 11Thin Lizzie
29%
Season 10Angel Heart
28.7%
Season 11Plush
28.2%
Season 12First Blood
27.8%
Season 9Alex Annie Alexis Ann
27.8%
Season 9Heaven Can't Wait
27.7%
Season 11All in the Family
27.6%
Season 10Dark Dynasty
27.4%
Season 11O Brother Where Art Thou?
27%
Season 9Sharp Teeth
26.9%
Season 8The Great Escapist
26.6%
Season 9Blade Runners
26.6%
Season 11Hell's Angel
26.5%
Season 13Lost and Found
26.3%
Season 13The Rising Son
26.2%
Season 10The Hunter Games
26.1%
Season 12Stuck in the Middle (With You)
25.8%
Season 9Holy Terror
25.7%
Season 11Form and Void
25.6%
Season 11The Chitters
25.1%
Season 11We Happy Few
25%
Season 10The Executioner's Song
25%
Season 10The Things They Carried
24.8%
Season 10The Things We Left Behind
24.8%
Season 11The Vessel
24.6%
Season 9Rock and a Hard Place
24.4%
Season 12The British Invasion
24.4%
Season 13Exodus
24.4%
Season 10Inside Man
24.2%
Season 12Celebrating the Life of Asa Fox
24.2%
Season 10The Prisoner
24%
Season 13Let the Good Times Roll
24%
Season 11The Bad Seed
23.7%
Season 10The Werther Project
23.6%
Season 9Captives
23.2%
Season 13Patience
23.2%
Season 12Rock Never Dies
23.1%
Season 11Don't You Forget About Me
23%
Season 11Beyond the Mat
22.8%
Season 10Halt & Catch Fire
22.8%
Season 12The Foundry
22.5%
Season 12Lily Sunder Has Some Regrets
22.3%
Season 13Beat the Devil
22%
Season 13The Bad Place
22%
Season 11Safe House
22%
Season 12Who We Are
21.5%
Season 13Tombstone
21.4%
Season 13The Big Empty
21.3%
Season 11Love Hurts
21.3%
Season 13A Most Holy Man
21.2%
Season 9Mother's Little Helpers
21.1%
Season 12American Nightmare
20.9%
Season 11Into the Mystic
20.4%
Season 13Devil's Bargain
19.9%
Season 12The Future
19.8%
Season 13War of the Worlds
18.7%
Season 12The One You've Been Waiting For
18.4%
Season 11Our Little World
18.3%
Season 12Ladies Drink Free
18%
Season 13The Scorpion and the Frog
17.9%
Season 13Funeralia
17.6%
Season 13Advanced Thanatology
17%
Season 13Bring 'em Back Alive
16.6%
Season 12Twigs & Twine & Tasha Banes
16.5%
Season 12The Memory Remains
15.6%
Season 13Various & Sundry Villains
15.1%
Season 13Breakdown
14.6%
Season 12Family Feud
13.8%
Season 13Unfinished Business
13.7%
Season 13Good Intentions
12.6%
Season 12Somewhere Between Heaven and Hell
12.3%
Season 12The Raid
10.8%

You're not logged in!

Compare scores with friends on all Sporcle quizzes.
OR
Log In

Sporcle TV

Today on Sporcle TV


Watch our educational content, quiz creation guides, and fun videos on Sporcle TV.

Show Comments

Extras

Top Quizzes Today


Score Distribution

Your Account Isn't Verified!

In order to create a playlist on Sporcle, you need to verify the email address you used during registration. Go to your Sporcle Settings to finish the process.

Report this User

Report this user for behavior that violates our Community Guidelines.

Details: